معجم مصطلحات التحليل النفسي / (رقم التسجيلة. 29472)
[ عرض عادي ]
| 000 -LEADER | |
|---|---|
| fixed length control field | 00639nam a22002057a 4500 |
| 005 - DATE AND TIME OF LATEST TRANSACTION | |
| control field | 20251108165513.0 |
| 008 - FIXED-LENGTH DATA ELEMENTS--GENERAL INFORMATION | |
| fixed length control field | 250721s1987 xx 000 0 ara d |
| 082 14 - DEWEY DECIMAL CLASSIFICATION NUMBER | |
| Classification number | م/157.9203/لاب |
| 100 1# - MAIN ENTRY--PERSONAL NAME | |
| Personal name | لابلانش، جان |
| 245 10 - TITLE STATEMENT | |
| Title | معجم مصطلحات التحليل النفسي / |
| 250 ## - EDITION STATEMENT | |
| Edition statement | ط2 |
| 264 1# - PRODUCTION, PUBLICATION, DISTRIBUTION, MANUFACTURE, AND COPYRIGHT NOTICE | |
| Place of production, publication, distribution, manufacture | بيروت : |
| Name of producer, publisher, distributor, manufacturer | المؤسسة الجامعية للدراسات و النشر، |
| Date of production, publication, distribution, manufacture, or copyright notice | 1987. |
| 300 ## - PHYSICAL DESCRIPTION | |
| Extent | 638ص |
| 650 17 - SUBJECT ADDED ENTRY--TOPICAL TERM | |
| Topical term or geographic name as entry element | التحليل النفسي |
| 650 17 - SUBJECT ADDED ENTRY--TOPICAL TERM | |
| Topical term or geographic name as entry element | القواميس |
| 650 17 - SUBJECT ADDED ENTRY--TOPICAL TERM | |
| Topical term or geographic name as entry element | معاجم المصطلحات |
| 700 1# - ADDED ENTRY--PERSONAL NAME | |
| Personal name | ج.ب.، بونتاليس |
| 942 ## - ADDED ENTRY ELEMENTS (KOHA) | |
| Source of classification or shelving scheme | Dewey Decimal Classification |
| Koha item type | مراجع |
| حالة السحب | حالة الفقدان | مصدر التصنيف | حالة التلف | غير قابل للإعارة | المكتبة الرئيسية | المكتبة الحالية | موقع الرف | تاريخ التزويد | الرقم المتسلسل | Total Checkouts | رقم الإستدعاء | الباركود | تاريخ آخر ظهور | تاريخ الفاتورة | نوع المادة (كوها) |
|---|---|---|---|---|---|---|---|---|---|---|---|---|---|---|---|
| Dewey Decimal Classification | Not For Loan | المكتبة المركزية | المكتبة المركزية | مراجع | 06/07/2004 | 202194 | م/157.9203/لاب | 202194 | 28/07/2025 | 06/07/2004 | مراجع | ||||
| Dewey Decimal Classification | Not For Loan | مكتبة أم قصير والمقابلين العامة | مكتبة أم قصير والمقابلين العامة | مراجع | 06/07/2004 | 4149 | م/157.9203/لاب | 4149 | 28/07/2025 | 06/07/2004 | مراجع | ||||
| Dewey Decimal Classification | Not For Loan | مكتبة الأميرة ايمان العامة | مكتبة الأميرة ايمان العامة | مراجع | 26/10/2013 | [2843] | م/157.9203/لاب | PLD00284086 | 28/07/2025 | 26/10/2013 | مراجع |